Goals scored by Fluminense players in the Copa Libertadores - Statistics

General Stats
  • This quiz has been taken 20 times
    19 since last reset
  • The average score is 16 of 25
Answer Stats
Goals Scored Answer Year of last goal Position % Correct
17 Germán Cano 2024 ST
100%
5 John Kennedy 2024 ST
100%
1 Keno 2024 LW
94%
4 Jhon Arias 2024 RW
88%
2 Marcelo 2024 LB
88%
1 Paulo Henrique Ganso 2024 CAM
88%
1 André 2023 CDM
82%
7 Fred 2021 ST
82%
1 Nino 2023 CB
82%
2 Samuel Xavier 2023 RB
82%
2 Lima 2024 CM
76%
1 Thiago Silva 2024 CB
76%
1 Luiz Henrique 2022 RW
65%
2 Nenê 2021 CAM
59%
1 Vitor Mendes 2023 CB
53%
2 Caio Paulista 2021 LW
47%
1 David Braz 2022 CB
47%
1 Manoel 2024 CB
47%
2 Marquinhos 2024 RW
47%
1 Abel Hernandéz 2021 ST
41%
1 Kayky 2021 LW
41%
1 Egídio 2021 LB
29%
1 Gabriel Texeira 2021 RW
24%
1 Yago Felipe 2021 CM
24%
1 William 2022 ST
12%
No matching quizzes found
Score Distribution
Percent of People with Each Score
Percentile by Number Answered
Your Score History
You have not taken this quiz since the last reset